Mongol Empire Countries - Sudden Death - Statistics

General Stats
  • This quiz has been taken 119 times
  • The average score is 7 of 15
Answers on the Grid
Answers color-coded by a green-red scale on the quiz's grid according to % correct below.
Lithuania
Belarus
Bangladesh
Cambodia
Finland
India
Iran
Iraq
Japan
Laos
Moldova
Myanmar
Phillippines
Poland
Romania
Russia
Russia
Saudi Arabia
South Korea
Syria
Taiwan
Thailand
Turkmenistan
Vietnam
 
Answer Stats
Answer % Correct
Russia
61%
Belarus
59%
Iran
59%
Russia
55%
India
54%
Iraq
54%
Turkmenistan
48%
South Korea
41%
Moldova
39%
Romania
39%
Syria
39%
Laos
34%
Myanmar
32%
Poland
32%
Vietnam
20%
No matching quizzes found
Score Distribution
Percent of People with Each Score
Percentile by Number Answered
Your Score History
You have not taken this quiz